Personnage Tout pour la Lumière - Statistiques

Statistiques générales
  • Ce quiz a été pris 237 fois
    90 depuis la dernière actualisation
  • Le résultat moyen est 22 sur 31
Statistiques - réponses
Réponse % Correct
Eden
100%
Baya
97%
Noah
94%
Victoria
94%
Iris
92%
Swan
92%
Florence
90%
Maddie
89%
Sultana
89%
Nils
87%
Elise
85%
Julian
85%
Marina
85%
Hadrien
82%
Élimane
79%
Jacob
79%
Joël
79%
Justine
79%
Mohamed
77%
Solenn
77%
Max
76%
Ali
74%
Eric
74%
Tess
73%
Roman
61%
Melvil
44%
Ophelia
37%
Margot
31%
Philippe
16%
Ludovic
13%
Baptiste
2%
Aucun quiz correspondant
Distribution des résultats
% des personnes avec chaque résultat
Percentile par nombre de réponses
Votre historique - résultats
Vous n’avez pas pris ce quiz depuis la dernière actualisation